000 00870nas a2200277 4500
001 BR0504565
003 BR-BrBNA
005 20231205105625.0
007 ta
008 230509b bl.|||p| |||| 00| 00por d
040 _aBR-BrBNA
_bpor
_cBiblioteca Nacional de Agricultura
041 _a(Pt)
072 _aF30
100 1 _aSilva, J.M. da
100 1 _aMoraes, M.L.T. de
100 1 _aSebbenn, A.M.
245 1 _aAutocorrelação espacial em população natural de Terminalia argentea Mart et Succ. no cerrado de Selvíria, MS
650 _aÁRVORE FLORESTAL
650 _aVARIAÇÃO GENÉTICA
650 _aPOPULAÇÃO DE PLANTA
650 _aCERRADO
650 _aMATO GROSSO DO SUL
773 0 _tScientia Forestalis (Brazil)
_xISSN 1413-9324
_g(Dec 2004), v. 66 p. 94-99
_wBR0504565
909 _a202311
_bLúcia
_c55
_dLúcia Elande
942 _2AGRIS
_n0
_cANA
999 _c183831
_d183831